000 00449nam a2200157Ia 4500
003 GCL
008 140319s9999 xx 000 0 ara d
040 _aGCL /
_cGCL
082 0 4 _aد
_b050
100 1 _aمحمد جمال الدين الفندى
245 1 0 _aعجائب الارض و السماء (اقرا 263 ) /
_cمحمد جمال الدين الفندى
300 _a143
490 _aاقرأ
_v0
650 0 4 _aالكون
942 _2ddc
_cBK
999 _c48790
_d48790